KRAL JOHNUN YAŞAMI VE ÖLÜMÜ (Record no. 694953)

MARC details
000 -LEADER
sabit uzunluktaki kontrol alanı 00266nam a2200097Ia 4500
001 - KONTROL NUMARASI
kontrol alanı 694953
005 - EN SON İŞLEMİN TARİH VE ZAMANI
kontrol alanı 20250826161943.0
008 - SABİT-UZUNLUKTA VERİ ÖĞELERİ--GENEL BİLGİ
sabit uzunluktaki kontrol alanı 250824s9999 xx 000 0 und d
245 #0 - ESER / YAZAR
ESER ADI KRAL JOHNUN YAŞAMI VE ÖLÜMÜ
Yazar Adı WILLIAM SHAKESPEARE
260 ## - YAYIN, DAĞITIM, VB.
YAYIN EVİ TÜRKİYE İŞ BANKASI
Holdings
Düşüm durumu Kayıp durumu Hasar Durumu Ödünç verilmez Ana kütüphane Geçerli Kütüphane Edinilen tarih Toplam ödünç verme sayısı Barkod Son görüntüleme tarihi Son ödünç verme tarihi Fiyatın geçerli olmaya başladığı tarih Koha materyal türü
        TÜRK TELEKOM MESLEKİ VE TEKNİK ANADOLU LİSESİ TÜRK TELEKOM MESLEKİ VE TEKNİK ANADOLU LİSESİ 24.08.2025 2 10192813 23.10.2025 15.10.2025 26.08.2025 Books